| 000 | 00646cac a2200217 a 4500 | ||
|---|---|---|---|
| 003 | Co-PeBPM | ||
| 005 | 20241021193608.0 | ||
| 008 | 231129e2003 |||||||||||||1 ||spa|| | ||
| 020 | _a958924985X | ||
| 040 |
_aCo-PeBPM _bspa _cCo-PeBPM _erda |
||
| 041 | _aspa | ||
| 082 | 0 | 4 |
_a107 G633i _222 |
| 100 | 1 | _aGómez Mendoza, Miguel Ángel | |
| 245 | 1 | 0 |
_aIntroducción A La Didáctica De La Filosofía _c/ Miguel Ángel Gómez Mendoza |
| 260 |
_aPereira/Risaralda _b: Papiro _c, 2003 |
||
| 300 |
_a164 páginas _b; 16 centímetros |
||
| 500 | _aIncluye índice, | ||
| 650 | 1 | 4 |
_2LEMB _aFilosofía |
| 650 | 1 | 4 |
_2LEMB _aEnseñanza |
| 942 |
_2ddc _cBK |
||
| 999 |
_c15841 _d15841 |
||